Women's informal associations in developing countries : catalysts for change? / (Record no. 61864)

MARC details
000 -LEADER
fixed length control field 00748nam a2200193 a 4500
008 - FIXED-LENGTH DATA ELEMENTS--GENERAL INFORMATION
fixed length control field 060424s1986 ||||||||||||||||| || u
020 ## - INTERNATIONAL STANDARD BOOK NUMBER
International Standard Book Number 0865318565
050 ## - LIBRARY OF CONGRESS CALL NUMBER
Classification number HQ 1870.9 Mar
100 ## - MAIN ENTRY--PERSONAL NAME
Personal name March, Kathryn S
245 10 - TITLE STATEMENT
Title Women's informal associations in developing countries : catalysts for change? /
260 ## - PUBLICATION, DISTRIBUTION, ETC.
Place of publication, distribution, etc. Boulder, Colo. :
Name of publisher, distributor, etc. Westview Press
Date of publication, distribution, etc. 1986
300 ## - PHYSICAL DESCRIPTION
Extent 154 p.
350 ## - PRICE (NR) (BK AM CF MU VM SE) [OBSOLETE]
Price 0.00
490 ## - SERIES STATEMENT
Series statement Women in cross-cultural perspective
500 ## - GENERAL NOTE
General note Bibliography: p. [125]-143.
650 ## - SUBJECT ADDED ENTRY--TOPICAL TERM
Topical term or geographic name entry element WOMEN--DEVELOPING COUNTRIES--SOCIAL NETWORKS
700 ## - ADDED ENTRY--PERSONAL NAME
Personal name Taqqu, Rachelle
995 ## - RECOMMENDATION 995 [LOCAL, UNIMARC FRANCE]
-- 0.00
-- CBU-MAIN LIBRARY (Kitwe)
-- 1
-- 16.50
-- 1
-- AVAILABLE
-- Main Library Open Access Collection
Holdings
Withdrawn status Lost status Source of classification or shelving scheme Damaged status Not for loan Home library Current library Shelving location Date acquired Total Checkouts Full call number Barcode Date last seen Price effective from Koha item type
          CBU-MAIN LIBRARY, KITWE. CBU-MAIN LIBRARY, KITWE.   11/30/2022   HQ 1870.9 Mar 008582 11/30/2022 11/30/2022 MONOGRAPH